| 000 -LEADER | |
|---|---|
| fixed length control field | 00398nam a22001577a 4500 |
| 005 - DATE AND TIME OF LATEST TRANSACTION | |
| control field | 20180206115849.0 |
| 008 - FIXED-LENGTH DATA ELEMENTS--GENERAL INFORMATION | |
| fixed length control field | 160427b xxu||||| |||| 00| 0 eng d |
| 020 ## - INTERNATIONAL STANDARD BOOK NUMBER | |
| ISBN | 81-702-939-X |
| 041 ## - LANGUAGE CODE | |
| Language code of text/sound track or separate title | eng |
| 082 ## - DEWEY DECIMAL CLASSIFICATION NUMBER | |
| Item number | 00270 |
| Classification number | 005.133 |
| 100 ## - MAIN ENTRY--AUTHOR NAME | |
| Personal name | Farrar, Edward and Smith, Norman, E. |
| 245 ## - TITLE STATEMENT | |
| Title | The HTML Example Book |
| 260 ## - PUBLICATION, DISTRIBUTION, ETC. (IMPRINT) | |
| Place of publication | New Delhi |
| Name of publisher | BPB Publishing, |
| Year of publication | 2007 |
| 300 ## - PHYSICAL DESCRIPTION | |
| Number of Pages | 492 |
| 942 ## - ADDED ENTRY ELEMENTS (KOHA) | |
| Koha item type | Books |
| Lost status | Damaged status | Collection code | Home library | Current library | Shelving location | Date acquired | Cost, normal purchase price | Full call number | Accession Number | Koha item type |
|---|---|---|---|---|---|---|---|---|---|---|
| CS/IT | JRU Library | JRU Library | SHELF-54-E | 27/04/2016 | 210.00 | 005.133 | 00270 | Books | ||
| CS/IT | JRU Library | JRU Library | SHELF-54-E | 27/04/2016 | 210.00 | 005.133 | 00271 | Books | ||
| CS/IT | JRU Library | JRU Library | SHELF-54-E | 27/04/2016 | 210.00 | 005.133 | 00272 | Books |